| Поле | Название | Значение |
| |
Тип записи |
a |
| |
Библиографический уровень |
a |
| 001 |
Контрольный номер |
RU/CBS_UL/BASE/4ff922c545a44981be026df16e3d66a2 |
| 005 |
Дата корректировки |
20230303142601.1 |
| 100 |
Данные общей обработки |
__ |
| a |
Данные общей обработки |
20230303 ||| 0rusy0189 ca |
| 101 |
Язык документа |
0_ |
| a |
Язык текста |
rus |
| 102 |
Страна публикации |
__ |
| a |
Страна публикации |
RU |
| 200 |
Заглавие и сведения об ответственности |
1_ |
| a |
Заглавие |
30 интересных фактов о планетах |
| 300 |
Общие примечания |
__ |
| a |
Общие примечания |
6+ |
| 461 |
Уровень набора |
_0 |
| 1 |
|
2000 |
| a |
|
Наш Филиппок |
| 463 |
Уровень физической единицы |
_0 |
| 1 |
|
2000 |
| a |
|
№ 12 |
| v |
|
С. 29-30 : ил |
| 1 |
|
2101 |
| d |
|
2022 |
| 1 |
|
001RU/CBS_UL/BASE/fbf1994beb1244c9b6f50d654d183367 |
| 606 |
Тематические рубрики |
0_ |
| a |
Основная рубрика |
Планеты |
| 610 |
Ключевые слова |
0_ |
| a |
Ключевые слова |
планеты |
| 610 |
Ключевые слова |
0_ |
| a |
Ключевые слова |
спутники Юпитера |
| 610 |
Ключевые слова |
0_ |
| a |
Ключевые слова |
вулканы на Венере |
| 610 |
Ключевые слова |
0_ |
| a |
Ключевые слова |
Земля (планеты) |
| 610 |
Ключевые слова |
0_ |
| a |
Ключевые слова |
Нептун (планеты) |
| 610 |
Ключевые слова |
0_ |
| a |
Ключевые слова |
Уран (планеты) |
| 610 |
Ключевые слова |
0_ |
| a |
Ключевые слова |
Венера (планеты) |
| 610 |
Ключевые слова |
0_ |
| a |
Ключевые слова |
Сатурн (планеты) |
| 610 |
Ключевые слова |
0_ |
| a |
Ключевые слова |
Марс (планеты) |
| 610 |
Ключевые слова |
0_ |
| a |
Ключевые слова |
Плутон (планеты) |
| 610 |
Ключевые слова |
0_ |
| a |
Ключевые слова |
Юпитер (планеты) |
| 686 |
Индексы других классификаций |
__ |
| 2 |
Код системы |
rubbk |
| a |
Классификационный индекс |
22.654 |
| 801 |
Источник записи |
_0 |
| a |
Страна |
RU |
| b |
Организация |
МБУК ЦБС г. Ульяновска |
| c |
Дата составления |
20230303 |
| g |
Правила каталогизации |
RCR |
| 801 |
Источник записи |
_1 |
| a |
Страна |
RU |
| b |
Организация |
МБУК ЦБС г. Ульяновска |
| c |
Дата составления |
20230303 |
| g |
Правила каталогизации |
RCR |
| 901 |
Тип документа |
__ |
| t |
Тип документа |
b |
| w |
Контрольный № источника |
RU/CBS_UL/BASE/fbf1994beb1244c9b6f50d654d183367 |